=LDR 00000nam 2200000 4500 =001 INLIS000000000051916 =005 20210210092143 =035 ##$$a 0010-0118000104 =007 ta =008 210210################g##########0#ind## =020 ##$$a 978-979-769-304-6 =082 ##$$a 001.42 =084 ##$$a 001.42 EMZ m =100 #$$a Emzir =245 1#$$a Metodologi penelitian kualitatif analisis data /$c Prof. Dr. Emzir, M.Pd. =250 ##$$a cet.4 =260 ##$$a Jakarta :$b Rajawali Pers,$c 2014 =300 ##$$a xiii,316 hlm : $b Ilus ; $c 21 x 13 cm. =650 #4$$a Penelitian - Metode =504 ##$$a Bibliografi ; hlm. 311 - 314 =990 ##$$a 21705570 =990 ##$$a 21705569 =990 ##$$a 21705568 =990 ##$$a 21705567 =990 ##$$a 21705566